The Bermuda-Azores high pressure cell : its surface wind circulation /

Bibliographic Details
Main Author: Chase, Joseph
Corporate Authors: Woods Hole Oceanographic Institution, United States. Office of Naval Research
Format: Book
Language:English
Published: Woods Hole, Mass. : Woods Hole Oceanographic Institution, 1951.
Series:Woods Hole Oceanographic Institution (Series) ; no. 51-60.
Technical report (Woods Hole Oceanographic Institution)
Subjects:

MARC

Tag First Indicator Second Indicator Subfields
LEADER 00000cam a2200000 a 4500
001 in00002003180
005 20151031142929.0
008 880113s1951 maua b 000 0 eng d
035 |a (OCoLC)ocm17340907 
040 |a NSL  |c NSL  |d TXA  |d UtOrBLW 
049 |a TXAM 
090 |a GC1  |b .W582 no.51-60 
100 1 |a Chase, Joseph. 
245 1 4 |a The Bermuda-Azores high pressure cell :  |b its surface wind circulation /  |c by Joseph Chase. 
264 1 |a Woods Hole, Mass. :  |b Woods Hole Oceanographic Institution,  |c 1951. 
300 |a 15 pages, 33 unnumbered leaves :  |b illustrations ;  |c 28 cm. 
336 |a text  |b txt  |2 rdacontent 
337 |a unmediated  |b n  |2 rdamedia 
338 |a volume  |b nc  |2 rdacarrier 
490 1 |a Woods Hole, Mass. Oceanographic Institution ;  |v Reference no. 51-60.  |a Technical report 
500 |a "July 1951." 
504 |a Includes bibliographical references (leaf 12). 
650 0 |a Atmospheric circulation  |z North Atlantic Ocean. 
710 2 |a Woods Hole Oceanographic Institution. 
710 1 |a United States.  |b Office of Naval Research. 
830 0 |a Woods Hole Oceanographic Institution (Series) ;  |v no. 51-60. 
830 0 |a Technical report (Woods Hole Oceanographic Institution) 
948 |a cataloged  |b h  |c 2004/11/19  |d c  |e dmitchel  |f 9:20:10 am 
994 |a E0  |b TXA 
999 |a MARS 
999 f f |s f19218aa-afe5-3770-b746-4ee8ee7e34eb  |i a5ca8da5-0853-3cbd-8807-f79fe1403a6f  |t 0 
952 f f |p ric  |a Texas A&M University  |b Rellis Campus  |c Joint Library Facility  |d Remote Storage  |t 0  |e GC1 .W582 no.51-60  |h Library of Congress classification  |i unmediated -- volume  |m A14831638215 
998 f f |a GC1 .W582 no.51-60  |t 0  |l Remote Storage